[Event "GER-chT U16"]
[Site "Bingen"]
[Date "2008.12.28"]
[Round "4.2"]
[White "Stephan, Nikita"]
[Black "Lerch, Matthias"]
[Result "1/2-1/2"]
[WhiteElo "1602"]
[BlackElo "1829"]
[PlyCount "50"]
[EventDate "2008.12.27"]
[EventType "team-swiss"]
[EventRounds "7"]
[EventCountry "GER"]
[SourceTitle "EXT 2010"]
[Source "ChessBase"]
[SourceDate "2010.11.25"]
[SourceVersion "1"]
[SourceVersionDate "2010.11.25"]
[SourceQuality "1"]
[WhiteTeam "Gau Algesheim U16"]
[BlackTeam "Jedesheim U16"]
[WhiteTeamCountry "GER"]
[BlackTeamCountry "GER"]

1. e4 e6 2. d4 d5 3. Nd2 c5 4. exd5 exd5 5. dxc5 Bxc5 6. Nb3 Bb6 7. Nf3 Ne7 8. Be2 0-0 9. 0-0 Nbc6 10. Bf4 Bf5 11. c3 Be4 12. Nbd4 Nxd4 13. Nxd4 Nc6 14. Nf3 d4 15. cxd4 Nxd4 16. Nxd4 Qxd4 17. Qd2 Rfd8 18. Rad1 Rac8 19. Qxd4 Rxd4 20. Rxd4 Bxd4 21. Rc1 Rc2 22. Rxc2 Bxc2 23. b3 Bb1 24. a4 Kf8 25. Kf1 Ke7 1/2-1/2